|
|
|
|
| LEADER |
00000cam a2200000 7i4500 |
| 001 |
0000007547 |
| 002 |
000008108 |
| 005 |
20000330.0 |
| 020 |
|
|
|a 9830295036
|
| 090 |
0 |
0 |
|a 910
|b SAL
|
| 100 |
0 |
|
|a Sally Ong
|
| 245 |
1 |
0 |
|a Geografi Manusia
|c Sally Ong
|
| 260 |
|
|
|a Petaling Jaya :
|b Sasbadi Sdn. Bhd. ,
|c 1996
|
| 300 |
|
|
|a 253p. ;
|c 21cm.
|
| 650 |
0 |
0 |
|a Geography
|x Human
|x SPM
|
| 650 |
0 |
0 |
|a Target plus-plus SPM
|
| 999 |
|
|
|a 052030
|b BUKU
|c PINJAMAN
|e PERPUSTAKAAN KOMUNITI PETALING JAYA
|
| 999 |
|
|
|a 052031
|b BUKU
|c PINJAMAN
|e PERPUSTAKAAN KOMUNITI PETALING JAYA
|
| 999 |
|
|
|a 052032
|b BUKU
|c PINJAMAN
|e PERPUSTAKAAN KOMUNITI PETALING JAYA
|
| 999 |
|
|
|a 054873
|b BUKU
|c PINJAMAN
|e PERPUSTAKAAN KOMUNITI PETALING JAYA
|
| 999 |
|
|
|a 054874
|b BUKU
|c PINJAMAN
|e PERPUSTAKAAN KOMUNITI PETALING JAYA
|